Os metais nascidos da terra e do fogo (Registo nº 4305)

Detalhes MARC
000 -Etiqueta do registo
Cabeçalho 00578nam a2200217 4500
005 - Identificador da versão
Campo de controlo 20240813122057.0
010 ## - Número internacional normalizado dos livros (ISBN)
Número (ISBN) 9722604856
100 ## - Dados gerais de processamento
Dados gerais de processamento 19970408d1991 de y0pory5003 ba
102 ## - Pais de publicação ou produção
País de publicação Portugal
101 1# - Língua de publicação
Língua do texto, banda sonora, etc. Português
Língua do documento no original Francês
215 ## - Descrição física 
Indicação específica da natureza do documento e extensão da espécie [36] p.
Outras indicações físicas il
200 1# - Titulo e menção de responsabilidade
Título próprio Os metais nascidos da terra e do fogo
Primeira menção de responsabilidade por Jean-Pierre Reymond
225 1# - Colecção 
Título próprio da colecção Descobrir
210 ## - Publicação, Distribuição, etc. 
Lugar da edição, distribuição, etc. Porto
Nome do editor, distribuidor, etc. Civilização
-- Círculo de Leitores
Data da publicação, distribuição, etc. imp. 1991
675 ## - Classificação Decimal Universal (CDU)
Notação 087.5
Edição BN
Língua da edição por
700 #1 - Nome de autor-pessoa física (responsabilidade principal)
Número de registo de entrada de autoridade 0001080
Palavra de ordem Reymond
Outra parte do nome não tomada para palavra de ordem Jean-Pierre
942 ## - Elementos de entrada adicionados (Koha)
Tipo de item no Koha Livro
Exemplares
Situação do levantamento Origin of item (home branch) (coded) Biblioteca de empréstimo Código de barras Cota Circulation type (not for loan) Tipo de documento Nota do exemplar Damaged status
  Biblioteca Escolar das Vendas Biblioteca Escolar das Vendas BEV1307 5 REV   Livro Sem mensagem